| 000 | 00000nam##2200000za#4500 |
| 001 | 9.567283 |
| 003 | CaOODSP |
| 005 | 20210624180709 |
| 007 | cr ||||||||||| |
| 008 | 150406|2010||||xxc|||||o f|0| 0 eng|d |
| 020 | |a978-1-100-15651-4 |
| 022 | |a1496-4562 |
| 040 | |aCaOODSP|beng |
| 043 | |an-cn--- |
| 086 | 1 |aCS85-0033/24-2010E-PDF |
| 245 | 00|aGender differences in police-reported violent crime in Canada, 2008 / |h[electronic resource]|cby Roxan Vaillancourt. |
| 260 | |aOttawa - Ontario : |bStatistics Canada |cMay 2010. |
| 300 | |a26p.|bgraphs, tables, index |
| 490 | 1 |aCanadian Centre for Justice Statistics profile series|x1496-4562|vNo. 24 |
| 504 | |aBibliography. |
| 590 | |a10-18|b2010-05-07 |
| 690 | 07|aCrime|2gcpds |
| 690 | 07|aViolence|2gcpds |
| 710 | 2 |aStatistics Canada. |
| 720 | 1 |aVaillancourt, Roxan |
| 775 | 08|tLes différences entre les sexes en ce qui touche les crimes violents déclarés par la police au Canada, 2008 / |w(CaOODSP)9.598640 |
| 830 | #0|aCanadian Centre for Justice Statistics profile series,|x1496-4562|vNo. 24|w(CaOODSP)9.504431 |
| 856 | 40|ahttp://publications.gc.ca|qPDF|s202 KB|uhttps://publications.gc.ca/collections/collection_2010/statcan/85F0033M/85f0033m2010024-eng.pdf|yNo. 24 |